Joaquin e gli altri

में बचाया:
ग्रंथसूची विवरण
मुख्य लेखक: de Tourmaurine Rodolphe
स्वरूप: पुस्तक
भाषा:अज्ञात या अवैध भाषा
प्रकाशित: Roma Libreria Croce 2003
टैग: टैग जोड़ें
कोई टैग नहीं, इस रिकॉर्ड को टैग करने वाले पहले व्यक्ति बनें!

MARC

LEADER 00000nam a2200000Ia 4500
001 776
003 NUMERAZIONE-ORIGINALE-BRESCIA
005 20260206230754.0
008 260206s9999 xx 000 0 und d
100 |a de Tourmaurine Rodolphe 
245 0 |a Joaquin e gli altri 
260 |a Roma 
260 |b Libreria Croce 
260 |c 2003 
500 |a Hammam 
500 |a Romanzo erotico 
942 |2 ddc  |c BK  |n 0 
952 |0 0  |1 0  |2 ddc  |4 0  |6 32  |7 0  |9 28662  |a BS  |b BS  |d 2026-02-06  |i 776  |l 0  |o 3-2-*  |r 2026-02-06 22:40:39  |w 2026-02-06  |x [REVISIONARE]  |y BK 
999 |c 24320  |d 24320